| 000 | 03917nam a22008177a 4500 | ||
|---|---|---|---|
| 003 | AR-RoUNA | ||
| 005 | 20251118080324.0 | ||
| 008 | 251110b |||||||| |||| 00| 0 spa d | ||
| 040 |
_aAR-RoUNA _bspa _dAR-RoUNA |
||
| 041 |
_aspa _heng |
||
| 044 | _aag | ||
| 100 | 1 |
_aGratwick, R.T. _927556 |
|
| 245 | 1 | 3 |
_aLa humedad en la construcción _b: sus causas y remedios / _cR.T. Gratwick; traduccion por Rafael Luque Maldonado |
| 246 | _aDampness in Buildins | ||
| 250 | _a1a. ed. | ||
| 260 |
_aBarcelona : _bTecnicos asociados S.A, _c1971 |
||
| 300 |
_a334 p.: _bfot. byn. _bgráficos _c25x18 cm |
||
| 490 | _aColeccion construccion | ||
| 505 | 0 | _tINDICE | |
| 505 | 0 | _tPRIMERA PARTE . | |
| 505 | 0 | _tCONDICIONES EN LOS SOTANOS Y EN LAS PLANTAS BAJAS. | |
| 505 | 0 | _aProblema de los cuerpos y de su escrituras /p.11 | |
| 505 | 0 | _aInteracciones fisicas entre los cuerpos /p.18 | |
| 505 | 0 | _aReacciones interfaciales en las superficies de los cuerpos /p.25 | |
| 505 | 0 | _aCapilaridad. Difusion del agua en los materiales /p.32 | |
| 505 | 0 | _aInfluencia de los tratamientos de superficie sobre materiales porosos /p.39 | |
| 505 | 0 | _aCondensaciones de vapor en los poros de los materiales/p.47 | |
| 505 | 0 | _aMuros humedos y metodos antiguos/p.54 | |
| 505 | 0 | _aSupresion de la causa de la humedad: Drenajes subterraneos y superficiales /p.60 | |
| 505 | 0 | _aDrenajes subterraneos: Arquetas para agua en movimiento /p.69 | |
| 505 | 0 | _aContencion simple en los sotanos semienterrados /p.77 | |
| 505 | 0 | _aMejora delas condiciones de evaporacion en los muros humedos /p.83 | |
| 505 | 0 | _aInsercion de capas estancas /p.91 | |
| 505 | 0 | _aLos riesgos de los cortes /p.98 | |
| 505 | 0 | _aDoblajes y revestimientos /p.106 | |
| 505 | 0 | _aTratamientos de los capilares. "Revestimientos y geles" /p.115 | |
| 505 | 0 | _aImpermeabilizacion en profundidad: Infusion e inyeccion /p.122 | |
| 505 | 0 | _aProteccion de los sotanos: Inyeccion y revestimiento /p.130 | |
| 505 | 0 | _aProtecciones con asfalto.Secado ,impermeabilizacion, adherencia /p.138 | |
| 505 | 0 | _aArboles, plantas, plantas trepadoras: Tapado de las fisuras /p.146 | |
| 505 | 0 | _aSolucion electrica: Electro-omosis /p.154 | |
| 505 | 0 | _tSEGUNDA PARTE. | |
| 505 | 0 | _tCONDENSACIONES Y PENETRACIONESDE SUBIDA. | |
| 505 | 0 | _aEvaporacion /p.167 | |
| 505 | 0 | _aSuperficies. Temperaturas y humedad /p.175 | |
| 505 | 0 | _aDifusion del vapor de agua y del calor a traves de los elementos de construccion /p.182 | |
| 505 | 0 | _aCalculo de las perdidas termicas, delas temperaturas de superficies y de las temperaturas intersticiales /p.189 | |
| 505 | 0 | _aPenetracion o condensacion /p.200 | |
| 505 | 0 | _aTipos de ocupacion y superficies sucias que a veces son causa de condensacion /p.212 | |
| 505 | 0 | _aUtilizacion y empleo de los paravapores y de los aislantes /p.221 | |
| 505 | 0 | _aVentilacion natural y forzada: Deshumidificacion /p.229 | |
| 505 | 0 | _aCondensaciones en los conductos de humos /p.240 | |
| 505 | 0 | _aSoluciones a los desordenes provocados por las condensaciones en las chimeneas y en los conductos de humo /p.250 | |
| 505 | 0 | _aPenetracion en los muros /p.265 | |
| 505 | 0 | _aSoluciones a los problemas de penetraciones /p.275 | |
| 505 | 0 | _aPenetraciones no asociadas a la presencia de voladizos /p.288 | |
| 505 | 0 | _aJambas, antepechos y manchas aisladas /p.302 | |
| 505 | 0 | _aProteccion exterior y enlucidos superficiales /p.318 | |
| 505 | 0 | _aVertedero THOMSON /P.322 | |
| 505 | 0 | _aTermometros secos y humedo. Higometros /p.324 | |
| 505 | 0 | _aTermometro KATA /p.329 | |
| 505 | 0 | _aIndice alfabetico /p.333 | |
| 650 | 4 | _aHumedad en los edificios | |
| 650 | 4 |
_aConstrucciones _xSoluciones |
|
| 700 | 1 |
_aMaldonado, Rafael Luque _etra _927559 |
|
| 908 | _aImp | ||
| 930 | _e12275 | ||
| 942 |
_2ddc _cLIB |
||
| 945 |
_aMIA _d2025-11-10 |
||
| 980 |
_61 _aMaricel Allasia _85 _gMaría Machado |
||
| 999 |
_c12233 _d12233 |
||